[Event "Sherbrooke Perpetuelles Ete"]
[Site "Sherbrooke CAN"]
[Date "2004.08.27"]
[Round "7"]
[White "Benic, Goran"]
[Black "Lopez, Jose"]
[Result "1/2-1/2"]
[WhiteElo "1829"]
[BlackElo "1771"]
[PlyCount "80"]
[GameId "2160767911217556"]
[EventDate "2004.??.??"]
[EventType "swiss"]
[EventRounds "7"]
[EventCountry "CAN"]
[SourceTitle "EXT 2006"]
[Source "ChessBase"]
[SourceDate "2005.11.24"]
[SourceVersion "1"]
[SourceVersionDate "2005.11.24"]
[SourceQuality "1"]

1. d4 d5 2. Nf3 Nf6 3. c4 e6 4. Nc3 c6 5. cxd5 exd5 6. g3 Bb4 7. Qb3 Na6 8. a3 Bxc3+ 9. bxc3 O-O 10. Bg2 Nc7 11. O-O Nb5 12. Ne5 Be6 13. Bg5 h6 14. Bxf6 Qxf6 15. a4 Nd6 16. Qb4 Qd8 17. a5 a6 18. Nd3 Nb5 19. Nc5 Qc8 20. Rfe1 f5 21. Rad1 Rd8 22. Rd3 Bf7 23. Na4 Qc7 24. Nb6 Rab8 25. f3 Bg6 26. e4 Re8 27. Rde3 fxe4 28. fxe4 dxe4 29. Bxe4 Rxe4 30. Rxe4 Bxe4 31. Rxe4 Nd6 32. Re6 Nf5 33. Re5 Rf8 34. Qc4+ Kh8 35. Qe6 Qf7 36. Nd7 Qxe6 37. Rxe6 Rf7 38. Re8+ Kh7 39. Nf8+ Kg8 40. Ne6+ Kh7 1/2-1/2

[Event "Sherbrooke Perpetuelles Ete"]
[Site "Sherbrooke CAN"]
[Date "2004.08.27"]
[Round "7"]
[White "Deslandes, Karel"]
[Black "Benoit, Andre"]
[Result "0-1"]
[WhiteElo "1033"]
[BlackElo "1440"]
[PlyCount "72"]
[GameId "2160767911217557"]
[EventDate "2004.??.??"]
[EventType "swiss"]
[EventRounds "7"]
[EventCountry "CAN"]
[SourceTitle "EXT 2006"]
[Source "ChessBase"]
[SourceDate "2005.11.24"]
[SourceVersion "1"]
[SourceVersionDate "2005.11.24"]
[SourceQuality "1"]

1. e4 e5 2. Nf3 Nc6 3. Bb5 Nf6 4. Bxc6 bxc6 5. Nc3 Bd6 6. O-O Ba6 7. d3 O-O 8. h3 h6 9. b3 Qe7 10. a4 Bc5 11. Nb1 d5 12. exd5 cxd5 13. Ba3 e4 14. Bxc5 Qxc5 15. Ne5 Qd4 16. Ng4 Qxa1 17. Nxf6+ Qxf6 18. c4 Rad8 19. Qh5 dxc4 20. Qa5 cxd3 21. Nd2 Rfe8 22. Re1 Bb7 23. Qxa7 Ba8 24. Qxc7 Rc8 25. Qg3 Rc2 26. Nb1 Re5 27. f3 exf3 28. Rxe5 f2+ 29. Kh2 f1=N+ 30. Kg1 Rxg2+ 31. Qxg2 Bxg2 32. Re8+ Kh7 33. Kxg2 Qc6+ 34. Kxf1 Qxe8 35. Nd2 Qe2+ 36. Kg1 Qxd2 0-1

[Event "Sherbrooke Perpetuelles Ete"]
[Site "Sherbrooke CAN"]
[Date "2004.08.27"]
[Round "7"]
[White "Germain, Benoit"]
[Black "Ouellet-Lahaie, Didier"]
[Result "0-1"]
[WhiteElo "1459"]
[BlackElo "1579"]
[PlyCount "68"]
[GameId "2160767911217558"]
[EventDate "2004.??.??"]
[EventType "swiss"]
[EventRounds "7"]
[EventCountry "CAN"]
[SourceTitle "EXT 2006"]
[Source "ChessBase"]
[SourceDate "2005.11.24"]
[SourceVersion "1"]
[SourceVersionDate "2005.11.24"]
[SourceQuality "1"]

1. e4 e5 2. Nf3 Nc6 3. Bc4 Bc5 4. c3 Nf6 5. d4 exd4 6. e5 d5 7. exf6 dxc4 8. Qe2+ Be6 9. fxg7 Rg8 10. Bg5 Qd5 11. Nbd2 d3 12. Qe4 Rxg7 13. Bh4 Be7 14. Bxe7 Qxe4+ 15. Nxe4 Kxe7 16. Ng3 Re8 17. O-O-O b5 18. Rhe1 Kd6 19. Nf5+ Bxf5 20. Rxe8 Rxg2 21. Rd2 Bg4 22. Re3 Ne7 23. Ne1 Rxh2 24. b3 Nd5 25. Rg3 Be2 26. Kb2 Rxf2 27. Ng2 Rf3 28. Rg8 Nf6 29. Rd8+ Ke5 30. a4 Rf2 31. Ne3 Ne4 32. Re8+ Kf4 33. Nd5+ Kf3 34. Rxe4 Kxe4 0-1

[Event "Sherbrooke Perpetuelles Ete"]
[Site "Sherbrooke CAN"]
[Date "2004.08.27"]
[Round "7"]
[White "Lemelin, Marc"]
[Black "Germain, Emile"]
[Result "1-0"]
[WhiteElo "1644"]
[BlackElo "1653"]
[PlyCount "83"]
[GameId "2160767911217559"]
[EventDate "2004.??.??"]
[EventType "swiss"]
[EventRounds "7"]
[EventCountry "CAN"]
[SourceTitle "EXT 2006"]
[Source "ChessBase"]
[SourceDate "2005.11.24"]
[SourceVersion "1"]
[SourceVersionDate "2005.11.24"]
[SourceQuality "1"]

1. d4 d5 2. c4 Nf6 3. cxd5 Nxd5 4. e4 Nb6 5. Nf3 Bg4 6. Be2 Bxf3 7. Bxf3 e6 8. O-O Nc6 9. d5 Ne5 10. dxe6 Bd6 11. exf7+ Nxf7 12. Nc3 a6 13. Be3 Nc4 14. Qa4+ Qd7 15. Qxc4 Ne5 16. Qe2 Rf8 17. Bg5 Nxf3+ 18. gxf3 Bf4 19. Bh4 g5 20. Rad1 Qg7 21. Bg3 h5 22. Kh1 c6 23. Bxf4 Rxf4 24. Rd3 Qe5 25. Rg1 Ke7 26. Nd5+ cxd5 27. Rxd5 Qc7 28. Rdxg5 Raf8 29. Rg7+ R8f7 30. Qe3 Qe5 31. Rxf7+ Rxf7 32. Qg5+ Qf6 33. Qxf6+ Kxf6 34. Rd1 h4 35. Kg2 Kg5 36. Rd5+ Kf4 37. Kh3 Rf6 38. Rf5+ Rxf5 39. exf5 Kxf5 40. Kxh4 Kf4 41. h3 Kxf3 42. Kg5 1-0

[Event "Sherbrooke Perpetuelles Ete"]
[Site "Sherbrooke CAN"]
[Date "2004.08.27"]
[Round "7"]
[White "Pilotte, Benoit"]
[Black "Saziouk, Alexandre"]
[Result "1-0"]
[WhiteElo "1805"]
[BlackElo "1785"]
[PlyCount "61"]
[GameId "2160767911217560"]
[EventDate "2004.??.??"]
[EventType "swiss"]
[EventRounds "7"]
[EventCountry "CAN"]
[SourceTitle "EXT 2006"]
[Source "ChessBase"]
[SourceDate "2005.11.24"]
[SourceVersion "1"]
[SourceVersionDate "2005.11.24"]
[SourceQuality "1"]

1. d4 f5 2. e4 fxe4 3. Nc3 Nf6 4. f3 exf3 5. Nxf3 e6 6. Bd3 b6 7. Ng5 Bb4 8. Nxh7 Bxc3+ 9. bxc3 Qe7 10. Bg6+ Kd8 11. Bg5 Bb7 12. O-O Kc8 13. Nxf6 gxf6 14. Bxf6 Qf8 15. Bxh8 Qxh8 16. Qg4 Bc6 17. Be4 Kb7 18. Rf7 Qh6 19. Qf3 d5 20. Bd3 Nd7 21. Rh7 Qd2 22. Rd1 Qg5 23. h4 Qg8 24. Rf1 e5 25. dxe5 Rf8 26. Qe2 Rxf1+ 27. Kxf1 Nc5 28. Rh5 Ne6 29. Ba6+ Kb8 30. Qf3 Ba8 31. Qf6 1-0

[Event "Sherbrooke Perpetuelles Ete"]
[Site "Sherbrooke CAN"]
[Date "2004.08.27"]
[Round "7"]
[White "Valiquette, Simon"]
[Black "Jolin, Fernand"]
[Result "0-1"]
[WhiteElo "1223"]
[BlackElo "1285"]
[PlyCount "98"]
[GameId "2160767911217561"]
[EventDate "2004.??.??"]
[EventType "swiss"]
[EventRounds "7"]
[EventCountry "CAN"]
[SourceTitle "EXT 2006"]
[Source "ChessBase"]
[SourceDate "2005.11.24"]
[SourceVersion "1"]
[SourceVersionDate "2005.11.24"]
[SourceQuality "1"]

1. c4 Nf6 2. Nc3 g6 3. d4 d5 4. e3 Bg7 5. Nf3 O-O 6. Qc2 Bf5 7. Qb3 dxc4 8. Qxb7 Nbd7 9. Bxc4 Nb6 10. Bb3 Bc8 11. Qc6 Rb8 12. Nb5 Rb7 13. Bd2 a6 14. Nc3 Ra7 15. Rc1 Bb7 16. Qc5 Ne4 17. Nxe4 Bxe4 18. Bb4 e6 19. O-O Qa8 20. Nh4 a5 21. Qe7 axb4 22. Rxc7 Rxc7 23. Qxc7 Nd5 24. Qc5 g5 25. Nf3 Bxf3 26. gxf3 Qc8 27. Qb5 Qb8 28. Qxb8 Rxb8 29. Rc1 Bf8 30. Rc6 Kg7 31. Ra6 Rc8 32. Kg2 Rc1 33. Ra5 Rb1 34. Bxd5 exd5 35. b3 Rb2 36. Kg3 Bd6+ 37. Kg2 Bf8 38. Ra7 h5 39. h3 Kg6 40. Ra6+ f6 41. Ra8 Kf7 42. Ra4 Ke6 43. Ra6+ Bd6 44. Kf1 f5 45. Kg2 Rd2 46. Kf1 f4 47. Ke1 fxe3 48. fxe3 Rh2 49. a4 bxa3 0-1

[Event "Sherbrooke Perpetuelles Ete"]
[Site "Sherbrooke CAN"]
[Date "2004.08.27"]
[Round "7"]
[White "Veronneau, Daniel"]
[Black "Belanger, Jean Sebastien"]
[Result "0-1"]
[WhiteElo "1179"]
[BlackElo "1354"]
[PlyCount "82"]
[GameId "2160767911217562"]
[EventDate "2004.??.??"]
[EventType "swiss"]
[EventRounds "7"]
[EventCountry "CAN"]
[SourceTitle "EXT 2006"]
[Source "ChessBase"]
[SourceDate "2005.11.24"]
[SourceVersion "1"]
[SourceVersionDate "2005.11.24"]
[SourceQuality "1"]

1. e4 c6 2. c4 d5 3. cxd5 cxd5 4. exd5 Nf6 5. d4 Nxd5 6. Nc3 Bf5 7. Nxd5 Qxd5 8. Nf3 e6 9. Be2 Be7 10. Qa4+ Nc6 11. O-O O-O 12. Qc4 Qe4 13. Be3 Rac8 14. Nd2 Qh4 15. d5 Qxc4 16. Bxc4 Ne5 17. Bb3 exd5 18. Bxd5 Rc2 19. b3 Ng4 20. Nc4 b5 21. f3 Nxe3 22. Nxe3 Bc5 23. Rfe1 Rc3 24. Kf2 Re8 25. g4 Bg6 26. Red1 Rexe3 27. Kf1 Bd3+ 28. Kg2 Be2 29. Rdc1 Bxf3+ 30. Bxf3 Rxf3 31. a3 Rf2+ 32. Kh1 Rcc2 33. Rxc2 Rxc2 34. b4 Bb6 35. a4 bxa4 36. Rxa4 Rc4 37. Kg2 Rxg4+ 38. Kf3 Rc4 39. Ke2 Rc2+ 40. Kd3 Rxh2 41. Ra1 h5 0-1

[Event "Sherbrooke op-A"]
[Site "Sherbrooke CAN"]
[Date "2004.05.28"]
[Round "1"]
[White "Bolduc, Steve"]
[Black "Angers, Gilles"]
[Result "1/2-1/2"]
[WhiteElo "2295"]
[BlackElo "1955"]
[PlyCount "34"]
[GameId "2160767911217563"]
[EventDate "2004.??.??"]
[EventType "swiss"]
[EventRounds "5"]
[EventCountry "CAN"]
[SourceTitle "EXT 2005"]
[Source "ChessBase"]
[SourceDate "2004.11.15"]
[SourceVersion "1"]
[SourceVersionDate "2004.11.15"]
[SourceQuality "1"]

1. d4 Nf6 2. c4 c5 3. d5 b5 4. Nf3 bxc4 5. Nc3 e6 6. e4 exd5 7. exd5 d6 8. Bxc4 Be7 9. h3 O-O 10. O-O Nbd7 11. b3 Nb6 12. Bg5 h6 13. Be3 Nxc4 14. bxc4 Nh7 15. Nd2 f5 16. Ne2 g5 17. f4 Rb8 1/2-1/2

[Event "Sherbrooke op-A"]
[Site "Sherbrooke CAN"]
[Date "2004.05.28"]
[Round "1"]
[White "Corriveau, Philippe"]
[Black "Charbonneau, Anne-Marie"]
[Result "0-1"]
[WhiteElo "2042"]
[BlackElo "2081"]
[PlyCount "65"]
[GameId "2160767911217564"]
[EventDate "2004.??.??"]
[EventType "swiss"]
[EventRounds "5"]
[EventCountry "CAN"]
[SourceTitle "EXT 2005"]
[Source "ChessBase"]
[SourceDate "2004.11.15"]
[SourceVersion "1"]
[SourceVersionDate "2004.11.15"]
[SourceQuality "1"]

1. e4 c5 2. Nc3 e6 3. Nf3 Nc6 4. g3 g6 5. d3 Bg7 6. Be3 Nd4 7. Bg2 Ne7 8. O-O Rb8 9. Qd2 h6 10. Ne1 b5 11. Nd1 Qb6 12. c3 Ndc6 13. f4 d6 14. Nf3 b4 15. g4 f5 16. h3 O-O 17. Kh1 Ba6 18. gxf5 exf5 19. Rg1 Kh7 20. Bf1 Bb7 21. Qg2 Bf6 22. Be2 Rg8 23. h4 Rbe8 24. Qh3 Nd8 25. Nd2 fxe4 26. dxe4 Nf5 27. Bf2 Bxe4+ 28. Nxe4 Rxe4 29. Rxg6 Rxg6 30. Bd3 Rxf4 31. h5 Qc6+ 32. Kh2 Rxf2+ 33. Nxf2 0-1

[Event "Sherbrooke op-A"]
[Site "Sherbrooke CAN"]
[Date "2004.05.28"]
[Round "1"]
[White "English, Michel"]
[Black "Gilbert, Erick"]
[Result "0-1"]
[WhiteElo "1621"]
[BlackElo "1978"]
[PlyCount "50"]
[GameId "2160767911217565"]
[EventDate "2004.??.??"]
[EventType "swiss"]
[EventRounds "5"]
[EventCountry "CAN"]
[SourceTitle "EXT 2005"]
[Source "ChessBase"]
[SourceDate "2004.11.15"]
[SourceVersion "1"]
[SourceVersionDate "2004.11.15"]
[SourceQuality "1"]

1. c4 e6 2. g3 d5 3. Bg2 c6 4. b3 dxc4 5. bxc4 Qd4 6. Qb3 Qxa1 7. Nf3 Qf6 8. O-O Nd7 9. Nc3 Nc5 10. Qc2 Qd8 11. Bb2 Nf6 12. Rd1 Be7 13. e4 Nd3 14. Ba1 Ng4 15. h3 Ngxf2 16. Rf1 Bc5 17. Kh2 O-O 18. Na4 Nxe4 19. Nh4 Nxg3 20. Qc3 Nxf1+ 21. Bxf1 Qd6+ 22. Kg2 Nf4+ 23. Kf3 e5 24. Qxe5 Qxe5 25. Bxe5 Be7 0-1

[Event "Sherbrooke op-A"]
[Site "Sherbrooke CAN"]
[Date "2004.05.28"]
[Round "1"]
[White "Lewis, Patrick"]
[Black "Larochelle, Martial"]
[Result "1/2-1/2"]
[WhiteElo "2035"]
[BlackElo "2160"]
[PlyCount "29"]
[GameId "2160767911217566"]
[EventDate "2004.??.??"]
[EventType "swiss"]
[EventRounds "5"]
[EventCountry "CAN"]
[SourceTitle "EXT 2005"]
[Source "ChessBase"]
[SourceDate "2004.11.15"]
[SourceVersion "1"]
[SourceVersionDate "2004.11.15"]
[SourceQuality "1"]

1. d4 d5 2. c4 Nc6 3. e3 e5 4. cxd5 Qxd5 5. Nc3 Bb4 6. Bd2 Bxc3 7. Bxc3 exd4 8. Ne2 Bg4 9. f3 Be6 10. Nxd4 O-O-O 11. Qa4 Nge7 12. Nxc6 Nxc6 13. Bb5 a6 14. Bxc6 Qxc6 15. Qxc6 1/2-1/2

[Event "Sherbrooke op-A"]
[Site "Sherbrooke CAN"]
[Date "2004.05.29"]
[Round "2"]
[White "Charbonneau, Anne-Marie"]
[Black "Gilbert, Erick"]
[Result "1/2-1/2"]
[WhiteElo "2081"]
[BlackElo "1978"]
[PlyCount "55"]
[GameId "2160767911217567"]
[EventDate "2004.??.??"]
[EventType "swiss"]
[EventRounds "5"]
[EventCountry "CAN"]
[SourceTitle "EXT 2005"]
[Source "ChessBase"]
[SourceDate "2004.11.15"]
[SourceVersion "1"]
[SourceVersionDate "2004.11.15"]
[SourceQuality "1"]

1. d4 d5 2. c4 e6 3. Nc3 Be7 4. cxd5 exd5 5. Bf4 Nf6 6. e3 c6 7. Bd3 Nbd7 8. Qc2 O-O 9. Nf3 Re8 10. O-O Nf8 11. h3 Ne6 12. Be5 g6 13. Rfc1 Ng7 14. Bxf6 Bxf6 15. b4 a6 16. a4 Bf5 17. Bxf5 Nxf5 18. b5 c5 19. dxc5 Rc8 20. Qd3 Rxc5 21. Ne2 Rc4 22. Ned4 Nxd4 23. Nxd4 Bxd4 24. exd4 axb5 25. axb5 Qc7 26. Rxc4 dxc4 27. Qc3 Rc8 28. Ra4 1/2-1/2

[Event "Sherbrooke op-A"]
[Site "Sherbrooke CAN"]
[Date "2004.05.29"]
[Round "2"]
[White "Larochelle, Martial"]
[Black "Liard, Serge"]
[Result "1-0"]
[WhiteElo "2160"]
[BlackElo "1980"]
[PlyCount "77"]
[GameId "2160767911217568"]
[EventDate "2004.??.??"]
[EventType "swiss"]
[EventRounds "5"]
[EventCountry "CAN"]
[SourceTitle "EXT 2005"]
[Source "ChessBase"]
[SourceDate "2004.11.15"]
[SourceVersion "1"]
[SourceVersionDate "2004.11.15"]
[SourceQuality "1"]

1. g3 e5 2. c4 Nf6 3. Bg2 c6 4. d4 e4 5. Nc3 d5 6. cxd5 cxd5 7. Bg5 Bb4 8. Rc1 Bxc3+ 9. Rxc3 Nbd7 10. e3 Qb6 11. Qc2 O-O 12. Ne2 h6 13. Bf4 Nh5 14. Bc7 Qg6 15. O-O f5 16. Qb3 Ndf6 17. Rfc1 Be6 18. Qxb7 Qf7 19. Qb3 g5 20. Bd6 Rfd8 21. Rc7 Bd7 22. Be5 Qe6 23. Qa3 a6 24. Qc5 Ne8 25. Ra7 Rdc8 26. Rxa8 Rxc5 27. Rxc5 Qb6 28. Rb8 Qa7 29. Rd8 Kf7 30. Rc7 Nxc7 31. Rxd7+ Kg8 32. Rxc7 Qb6 33. Nc3 Nf6 34. Bf1 Ng4 35. Nxd5 Qxb2 36. Nf6+ Nxf6 37. Bc4+ Kf8 38. Bxf6 Ke8 39. Be6 1-0

[Event "Sherbrooke op-A"]
[Site "Sherbrooke CAN"]
[Date "2004.05.29"]
[Round "2"]
[White "Lewis, Patrick"]
[Black "Bolduc, Steve"]
[Result "1/2-1/2"]
[WhiteElo "2035"]
[BlackElo "2295"]
[PlyCount "77"]
[GameId "2160767911217569"]
[EventDate "2004.??.??"]
[EventType "swiss"]
[EventRounds "5"]
[EventCountry "CAN"]
[SourceTitle "EXT 2005"]
[Source "ChessBase"]
[SourceDate "2004.11.15"]
[SourceVersion "1"]
[SourceVersionDate "2004.11.15"]
[SourceQuality "1"]

1. e4 c5 2. Nc3 Nc6 3. g3 g6 4. Bg2 Bg7 5. d3 d6 6. Be3 Rb8 7. Qd2 b5 8. Nf3 Nd4 9. Nh4 Nf6 10. h3 Bb7 11. Nd1 d5 12. e5 Nd7 13. c3 Ne6 14. d4 b4 15. O-O Nb6 16. f4 bxc3 17. bxc3 Nc4 18. Qf2 cxd4 19. Bxd4 Nxd4 20. cxd4 O-O 21. f5 Bh6 22. Kh2 Nd2 23. Ne3 Ne4 24. Qe1 Ba6 25. Ng4 Bd2 26. Qd1 Rb2 27. Rg1 Qb6 28. f6 e6 29. Nf3 Nc3 30. Qxd2 Rxd2 31. Nh6+ Kh8 32. Nxd2 Qxd4 33. Nf3 Qe3 34. Ng4 Qb6 35. Ng5 h5 36. Nh6 Qe3 37. h4 Bd3 38. Rac1 Ne2 39. Nhxf7+ 1/2-1/2

[Event "Sherbrooke op-A"]
[Site "Sherbrooke CAN"]
[Date "2004.05.29"]
[Round "2"]
[White "Lewis, Patrick"]
[Black "English, Michel"]
[Result "1-0"]
[WhiteElo "1515"]
[BlackElo "1621"]
[PlyCount "77"]
[GameId "2160767911217570"]
[EventDate "2004.??.??"]
[EventType "swiss"]
[EventRounds "5"]
[EventCountry "CAN"]
[SourceTitle "EXT 2005"]
[Source "ChessBase"]
[SourceDate "2004.11.15"]
[SourceVersion "1"]
[SourceVersionDate "2004.11.15"]
[SourceQuality "1"]

1. e4 g6 2. d4 Bg7 3. Nc3 d6 4. Be2 c6 5. Nf3 Nf6 6. O-O O-O 7. a4 Nbd7 8. e5 Ne8 9. Bf4 d5 10. Bd3 e6 11. Qd2 c5 12. dxc5 Nxc5 13. Rfd1 Nxd3 14. Qxd3 Bd7 15. Nxd5 Bc6 16. Nb4 Nc7 17. Nxc6 bxc6 18. c4 Na6 19. Qxd8 Rfxd8 20. Rxd8+ Rxd8 21. Be3 Rd7 22. Kf1 Bf8 23. Ke2 Nb4 24. Rd1 Rxd1 25. Kxd1 a6 26. Nd4 Bc5 27. Ne2 Nd3 28. Bxc5 Nxc5 29. Nd4 Nxa4 30. Kc2 Nb6 31. Kb3 Kf8 32. Nxc6 Ke8 33. c5 Na8 34. Kb4 Nc7 35. Ka5 Nd5 36. Kxa6 Kd7 37. b4 Nc7+ 38. Ka5 Nd5 39. b5 1-0

[Event "Sherbrooke op-A"]
[Site "Sherbrooke CAN"]
[Date "2004.05.30"]
[Round "3"]
[White "Charbonneau, Anne-Marie"]
[Black "Larochelle, Martial"]
[Result "1/2-1/2"]
[WhiteElo "2081"]
[BlackElo "2160"]
[PlyCount "54"]
[GameId "2160767911217572"]
[EventDate "2004.??.??"]
[EventType "swiss"]
[EventRounds "5"]
[EventCountry "CAN"]
[SourceTitle "EXT 2005"]
[Source "ChessBase"]
[SourceDate "2004.11.15"]
[SourceVersion "1"]
[SourceVersionDate "2004.11.15"]
[SourceQuality "1"]

1. d4 Nf6 2. c4 g6 3. Nc3 d5 4. cxd5 Nxd5 5. e4 Nxc3 6. bxc3 Bg7 7. Nf3 c5 8. Be3 O-O 9. Qd2 cxd4 10. cxd4 Nc6 11. Rc1 Qa5 12. Qxa5 Nxa5 13. Bb5 e6 14. O-O b6 15. Rc7 Bb7 16. Bd3 Rfc8 17. Rfc1 Bc6 18. Rxc8+ Rxc8 19. Bb5 Bb7 20. Rxc8+ Bxc8 21. Bd2 Bb7 22. Bxa5 bxa5 23. Bd3 Kf8 24. Kf1 Ke7 25. Ke2 f5 26. e5 h6 27. g3 Bxf3+ 1/2-1/2

[Event "Sherbrooke op-A"]
[Site "Sherbrooke CAN"]
[Date "2004.05.30"]
[Round "3"]
[White "Gilbert, Erick"]
[Black "Bolduc, Steve"]
[Result "0-1"]
[WhiteElo "1978"]
[BlackElo "2295"]
[PlyCount "88"]
[GameId "2160767911217574"]
[EventDate "2004.??.??"]
[EventType "swiss"]
[EventRounds "5"]
[EventCountry "CAN"]
[SourceTitle "EXT 2005"]
[Source "ChessBase"]
[SourceDate "2004.11.15"]
[SourceVersion "1"]
[SourceVersionDate "2004.11.15"]
[SourceQuality "1"]

1. Nf3 Nf6 2. d4 e6 3. Bg5 h6 4. Bh4 c5 5. c3 Qb6 6. Qb3 d5 7. Nbd2 Be7 8. e3 Qxb3 9. Nxb3 c4 10. Nbd2 b5 11. b3 a6 12. bxc4 bxc4 13. Be2 Nfd7 14. Bg3 Nb6 15. Rb1 N8d7 16. Bd1 a5 17. Ne5 a4 18. Nc6 Bb7 19. Ne5 Bd8 20. Nxd7 Kxd7 21. Nf3 f6 22. Kd2 Bc6 23. Bc2 Nc8 24. Rhe1 Nd6 25. Bxd6 Kxd6 26. e4 Bc7 27. e5+ Kd7 28. a3 Rhb8 29. Rxb8 Rxb8 30. Rb1 Ra8 31. Rb4 Bd8 32. Rb2 Be7 33. Ra2 Kc7 34. Nh4 fxe5 35. Ng6 Bg5+ 36. Ke2 exd4 37. cxd4 Be8 38. Ne5 Bf4 39. Nf3 Rb8 40. Kd1 Kd8 41. g3 Bd6 42. Nd2 e5 43. dxe5 Bxe5 44. f4 Bf6 0-1

[Event "Sherbrooke op-A"]
[Site "Sherbrooke CAN"]
[Date "2004.05.30"]
[Round "3"]
[White "Liard, Serge"]
[Black "Angers, Gilles"]
[Result "1/2-1/2"]
[WhiteElo "1980"]
[BlackElo "1955"]
[PlyCount "44"]
[GameId "2160767911217575"]
[EventDate "2004.??.??"]
[EventType "swiss"]
[EventRounds "5"]
[EventCountry "CAN"]
[SourceTitle "EXT 2005"]
[Source "ChessBase"]
[SourceDate "2004.11.15"]
[SourceVersion "1"]
[SourceVersionDate "2004.11.15"]
[SourceQuality "1"]

1. e4 e6 2. d4 d5 3. Nc3 dxe4 4. Nxe4 Bd7 5. Nf3 Bc6 6. Bd3 Nd7 7. O-O Ngf6 8. Ned2 Be7 9. Re1 O-O 10. c3 b6 11. Nf1 Bb7 12. Ng5 h6 13. Ne4 Nxe4 14. Bxe4 Bxe4 15. Rxe4 Nf6 16. Rh4 c5 17. Be3 Nd5 18. Rg4 Nxe3 19. fxe3 Bd6 20. Qe1 f5 21. Rh4 Qf6 22. Rh3 Rae8 1/2-1/2

[Event "Sherbrooke op-A"]
[Site "Sherbrooke CAN"]
[Date "2004.05.30"]
[Round "4"]
[White "Bolduc, Steve"]
[Black "Larochelle, Martial"]
[Result "1/2-1/2"]
[WhiteElo "2295"]
[BlackElo "2160"]
[PlyCount "77"]
[GameId "2160767911217576"]
[EventDate "2004.??.??"]
[EventType "swiss"]
[EventRounds "5"]
[EventCountry "CAN"]
[SourceTitle "EXT 2005"]
[Source "ChessBase"]
[SourceDate "2004.11.15"]
[SourceVersion "1"]
[SourceVersionDate "2004.11.15"]
[SourceQuality "1"]

1. d4 Nf6 2. c4 g6 3. Nc3 d5 4. Nf3 Bg7 5. Bg5 Ne4 6. cxd5 Nxg5 7. Nxg5 e6 8. Nf3 exd5 9. b4 O-O 10. e3 c6 11. Qb3 a6 12. Be2 Be6 13. Na4 b6 14. Rc1 Qc7 15. O-O Rc8 16. Rc3 Nd7 17. Rfc1 Qd6 18. Bd3 b5 19. Nc5 Nb6 20. a4 Nc4 21. R3c2 Bf8 22. Ra1 Qc7 23. Rca2 Bxc5 24. bxc5 Rab8 25. axb5 axb5 26. Qb4 Qd8 27. Ra6 Qf6 28. Nd2 Bf5 29. Be2 Qe6 30. Bf3 Bg4 31. Nxc4 bxc4 32. Rb6 Bxf3 33. gxf3 Ra8 34. Raa6 Rxa6 35. Rxa6 Qf5 36. Kg2 Qg5+ 37. Kf1 Qf5 38. Kg2 Qg5+ 39. Kf1 1/2-1/2

[Event "Sherbrooke op-A"]
[Site "Sherbrooke CAN"]
[Date "2004.05.30"]
[Round "4"]
[White "Gilbert, Erick"]
[Black "Angers, Gilles"]
[Result "1/2-1/2"]
[WhiteElo "1978"]
[BlackElo "1955"]
[PlyCount "24"]
[GameId "2160767911217577"]
[EventDate "2004.??.??"]
[EventType "swiss"]
[EventRounds "5"]
[EventCountry "CAN"]
[SourceTitle "EXT 2005"]
[Source "ChessBase"]
[SourceDate "2004.11.15"]
[SourceVersion "1"]
[SourceVersionDate "2004.11.15"]
[SourceQuality "1"]

1. Nf3 Nf6 2. d4 c5 3. d5 b5 4. Bg5 Ne4 5. Bf4 Bb7 6. Qd3 f5 7. Nfd2 c4 8. Qd4 Nf6 9. Be5 Nxd5 10. Bxg7 Nb4 11. Qc3 Nd5 12. Qd4 Nb4 1/2-1/2

[Event "Sherbrooke op-A"]
[Site "Sherbrooke CAN"]
[Date "2004.05.30"]
[Round "4"]
[White "Liard, Serge"]
[Black "Corriveau, Philippe"]
[Result "0-1"]
[WhiteElo "1980"]
[BlackElo "2042"]
[PlyCount "122"]
[GameId "2160767911217578"]
[EventDate "2004.??.??"]
[EventType "swiss"]
[EventRounds "5"]
[EventCountry "CAN"]
[SourceTitle "EXT 2005"]
[Source "ChessBase"]
[SourceDate "2004.11.15"]
[SourceVersion "1"]
[SourceVersionDate "2004.11.15"]
[SourceQuality "1"]

1. e4 e5 2. Nf3 Nc6 3. Bb5 a6 4. Ba4 Nf6 5. Bxc6 dxc6 6. O-O Nxe4 7. Re1 Nd6 8. Nxe5 Be7 9. d4 O-O 10. Nd2 Nf5 11. Ndf3 c5 12. dxc5 Qxd1 13. Rxd1 Bxc5 14. Nd3 Bd6 15. b3 f6 16. c4 b6 17. Bf4 Bb7 18. Bxd6 Nxd6 19. Nd4 Rae8 20. c5 Ne4 21. c6 Bc8 22. Nf4 g5 23. Nd5 Rf7 24. f3 Nd6 25. Re1 Kf8 26. Rxe8+ Kxe8 27. Re1+ Kd8 28. Ne6+ Bxe6 29. Rxe6 f5 30. Nxb6 Nb5 31. Nd5 Nd4 32. Rh6 f4 33. Rf6 Rxf6 34. Nxf6 h6 35. Ng4 Nf5 36. Ne5 Ke7 37. Nc4 Nd4 38. Na5 Kd6 39. Kf2 Kc5 40. Nb7+ Kb4 41. Nd6 Ka3 42. g4 Kxa2 43. Nf5 Nxc6 44. Nxh6 Ne5 45. h4 gxh4 46. Nf5 Ng6 47. Nd4 Kb2 48. b4 Kc3 49. b5 a5 50. Ne6 Kc4 51. Nxc7 Kc5 52. Kg2 Kb6 53. Nd5+ Kxb5 54. Kh3 a4 55. Nxf4 Nxf4+ 56. Kxh4 a3 57. Kg5 a2 58. Kxf4 a1=Q 59. g5 Qg7 60. Kf5 Qf7+ 61. Kg4 Kc5 0-1

[Event "Sherbrooke op-A"]
[Site "Sherbrooke CAN"]
[Date "2004.05.30"]
[Round "4"]
[White "Papineau (Granby), Daniel"]
[Black "Charbonneau, Anne-Marie"]
[Result "1/2-1/2"]
[WhiteElo "2035"]
[BlackElo "2081"]
[PlyCount "80"]
[GameId "2160767911217579"]
[EventDate "2004.??.??"]
[EventType "swiss"]
[EventRounds "5"]
[EventCountry "CAN"]

1. d4 Nf6 2. c4 e6 3. Nc3 d5 4. cxd5 exd5 5. Bg5 Be7 6. Qc2 c6 7. e3 O-O 8. Bd3 Nbd7 9. Nge2 Re8 10. f3 Nf8 11. Bh4 Ng6 12. Bf2 Be6 13. O-O Rc8 14. Kh1 Bd6 15. Rac1 Bb8 16. Bg1 Qd6 17. e4 dxe4 18. fxe4 Qd7 19. e5 Nd5 20. Qd2 Nb4 21. Bb1 Bxe5 22. Ne4 Bd6 23. Nxd6 Qxd6 24. Ng3 Nxa2 25. Rc5 a6 26. Ne4 Qe7 27. Rh5 f6 28. Ng3 Nb4 29. Nf5 Qf8 30. Qd1 Nd5 31. Qg4 Nde7 32. Nh6+ gxh6 33. Qxe6+ Qf7 34. Ba2 Qxe6 35. Bxe6+ Kg7 36. Bxc8 Rxc8 37. Ra1 Rc7 38. h3 Nf4 39. Rh4 Ne6 40. Rg4+ Kf7 1/2-1/2